000 00364 a2200109 4500
001 ART_33829
005 20260410161708.0
008 260409a
245 1 0 _aLas indemnizaciones por ruptura del contrato de trabajo en el impuesto a las ganancias
100 1 _aSchwartzman, Daniel M.
773 0 _tRevista Impuestos
_g- NÂș 7 (abr. 2006)
_wREV639
999 _c15788
_d15788